| 000 | 00000nam 2200000zi 4500 |
| 001 | 9.927239 |
| 003 | CaOODSP |
| 005 | 20250129150404 |
| 006 | m o d f |
| 007 | cr |n||||||||| |
| 008 | 230913e199309##onc ob f|0| 0 eng d |
| 040 | |aCaOODSP|beng|erda|cCaOODSP |
| 043 | |an-cn--- |
| 086 | 1 |aEn14-527/1993E-PDF |
| 245 | 00|aDepartmental crisis communications planning guidebook. |
| 264 | 1|aOttawa, Ontario : |bEnvironment Canada = Environnement Canada, |cSeptember 1993. |
| 300 | |a1 online resource (22 pages) |
| 336 | |atext|btxt|2rdacontent |
| 337 | |acomputer|bc|2rdamedia |
| 338 | |aonline resource|bcr|2rdacarrier |
| 500 | |aDigitized edition from print [produced by Environment and Climate Change Canada]. |
| 504 | |aIncludes bibliographical references (pages 21-22). |
| 610 | 10|aCanada.|bEnvironment Canada|xManagement. |
| 650 | 0|aCommunication in public administration|zCanada|xPlanning. |
| 650 | 0|aCrisis management in government|zCanada. |
| 650 | 0|aEmergency management|zCanada. |
| 650 | 6|aCommunication dans l'administration publique|zCanada|xPlanification. |
| 650 | 6|aAdministration publique|xGestion de crise|zCanada. |
| 650 | 6|aGestion des situations d'urgence|zCanada. |
| 710 | 1 |aCanada. |bEnvironment Canada, |eissuing body. |
| 856 | 40|qPDF|s359 KB|uhttps://publications.gc.ca/collections/collection_2025/eccc/En14-527-1993-eng.pdf |